| 000 | 00761nam a2200241 a 4500 | ||
|---|---|---|---|
| 005 | 20230315063734.0 | ||
| 008 | 140826s2010 mx r 000 0 spa d | ||
| 020 | _a9786074632712 Castillo | ||
| 020 | _a9786074696288 SEP | ||
| 035 | _aUPN01000199135 | ||
| 049 | _aI | ||
| 050 | 4 |
_aQB631.4 _bK8.3 |
|
| 100 | 1 |
_aKwag, Young-jik _936159 |
|
| 245 | 1 | 0 |
_aGira y gira / _cYoung-jik Kwag ; il. Iris Wolfermann. |
| 260 |
_aMéxico : _bSEP : _bCastillo, _c2010. |
||
| 300 |
_a[35]p.: _bil. col. |
||
| 440 | 0 |
_aLibro del rincón. _pPasos de luna |
|
| 534 |
_pTitulo original: _tAround and around and around |
||
| 650 | 4 |
_aTierra (Planeta) _vLiteratura infantil _911234 |
|
| 650 | 4 |
_aTIERRA (PLANETA) - _xROTACION _912788 |
|
| 905 | _aInfantil | ||
| 999 |
_c171236 _d171236 |
||